000 00706nam a2200229 a 4500
001 46283
003 BD-RjUL
005 20211209054130.0
008 160801s1965 pk 001 0 eng
020 _cRs50.00
035 _a(BD-RjUL)46401
040 _aDLC
_cDLC
_dBD-RjUL
_beng
041 _aeng
082 0 0 _a342.547
_223
_bMUC 1965
100 1 _aMunir, Muhammad,
_9141351
245 1 0 _aConstitution of the Islamic Republic of Pakistan :
_bbeing a commentary on the Constitution of Pakistan, 1962 /
_cby Muhammad Munir.
260 _aLahore :
_bLaw Pub. Co.,
_c1965.
300 _axii, 787 p. ;
_c25 cm.
504 _aIncludes index.
650 0 _aConstitutional
_zPakistan.
_9141352
942 _2ddc
_cBK
999 _c46283
_d46283